| 000 | 00650nam a2200193Ia 4500 | ||
|---|---|---|---|
| 008 | 140609s9999 xx 000 0 und d | ||
| 020 | _a9789711012014 | ||
| 050 |
_aDS 670 _b.L39 2010 |
||
| 100 | _aLayug, Benjamin L. | ||
| 245 | 2 |
_aA tourist guide to notable Philippine historical landmarks, monuments, and shrines / _cBenjamin Locsin Layug |
|
| 260 |
_aQuezon City, Philippines : _bNew Day Publishers, _cc2010. |
||
| 300 |
_a110 p. : _bill. ; _c23 cm. |
||
| 500 | _aIncludes bibliographical references. | ||
| 521 | _aGE | ||
| 650 |
_aMonuments _xPhilippines. |
||
| 650 |
_aPhilippines _xHistory, Local. |
||
| 942 |
_kLOC _cBK |
||
| 999 |
_c117882 _d117882 |
||